000 00739nam a2200289Ia 4500
005 20260324132646.0
008 008 260324s9999 xx 000 0 eng d
020 _a9780203521533
037 _aEBOOK
040 _aCRL
040 _beng
040 _cCRL
041 _2eng
041 _aeng
084 _qCRL
100 _aEve Gregory; Susi Long; Dinah Volk
_91190126
245 0 _aMany Pathways to Literacy
245 0 _bYoung Children Learning with Siblings, Grandparents, Peers and Communities
260 _bTaylor and Francis
260 _c2004
365 _a
365 _b290
856 _uhttp://www.taylorfrancis.com/books/9780203521533
942 _cEBOOK
999 _c1788423
_d1788423